[Event "Tradewise Gibraltar ChallWk1"]
[Site "Gibraltar"]
[Date "2017.01.23"]
[Round "1.21"]
[White "Stole, Andreas"]
[Black "Elishev, Ivan"]
[Result "0-1"]
[WhiteElo "1946"]
[BlackElo "2143"]
[PlyCount "74"]
[EventDate "2017.01.23"]
[EventType "swiss"]
[EventRounds "5"]
[EventCountry "GGB"]
[SourceTitle "BritBase"]
[Source "www.saund.co.uk"]
[SourceDate "2018.02.10"]
[SourceVersion "1"]
[SourceVersionDate "2018.02.10"]
[SourceQuality "1"]

1. e4 Nc6 2. Nf3 d6 3. d4 Bg4 4. Be2 e5 5. c3 Nf6 6. Bg5 Be7 7. dxe5 dxe5 8.
Qc2 Nh5 9. Be3 O-O 10. Nbd2 Nf4 11. Bxf4 exf4 12. O-O Qd6 13. Nb3 Qg6 14. Rfe1
Bf6 15. Nbd4 Bxd4 16. Nxd4 Nxd4 17. cxd4 f3 18. Bd3 Rad8 19. d5 c6 20. g3 Qh5
21. Re3 Rd6 22. e5 Rh6 23. h4 cxd5 24. Rae1 g5 25. Bf5 gxh4 26. Bxg4 Qxg4 27.
Qd1 hxg3 28. Qxf3 gxf2+ 29. Kxf2 Rh2+ 30. Kf1 Qxf3+ 31. Rxf3 Rh1+ 32. Ke2 Rxe1+
33. Kxe1 Re8 34. Rf5 Kg7 35. Kd2 Re6 36. Rg5+ Kh6 37. Rg2 Rxe5 0-1

[Event "Tradewise Gibraltar ChallWk1"]
[Site "Gibraltar"]
[Date "2017.01.23"]
[Round "1.22"]
[White "Herzwurm, Robert"]
[Black "Mashayekh, Majid"]
[Result "1/2-1/2"]
[WhiteElo "2143"]
[BlackElo "1944"]
[PlyCount "54"]
[EventDate "2017.01.23"]
[EventType "swiss"]
[EventRounds "5"]
[EventCountry "GGB"]
[SourceTitle "BritBase"]
[Source "www.saund.co.uk"]
[SourceDate "2018.02.10"]
[SourceVersion "1"]
[SourceVersionDate "2018.02.10"]
[SourceQuality "1"]

1. e4 c5 2. Nc3 Nc6 3. f4 e6 4. Nf3 d5 5. d3 Be7 6. g3 Nf6 7. Qe2 Nd4 8. Nxd4
cxd4 9. Nd1 dxe4 10. dxe4 Bd7 11. Bg2 Bc6 12. O-O Qb6 13. Nf2 O-O 14. Nd3 Nd7
15. a4 Nc5 16. b3 Nxd3 17. Qxd3 Rfd8 18. g4 Qa5 19. Bb2 b5 20. e5 Bxg2 21. Kxg2
bxa4 22. Rxa4 Qd5+ 23. Rf3 Bc5 24. Qc4 g5 25. Qxd5 Rxd5 26. fxg5 Rxe5 27. Bxd4
Rxg5 1/2-1/2

[Event "Tradewise Gibraltar ChallWk1"]
[Site "Gibraltar"]
[Date "2017.01.23"]
[Round "1.23"]
[White "Hajenius, Willem"]
[Black "Jordan Martinez, Miguel"]
[Result "0-1"]
[WhiteElo "1943"]
[BlackElo "2142"]
[PlyCount "76"]
[EventDate "2017.01.23"]
[EventType "swiss"]
[EventRounds "5"]
[EventCountry "GGB"]
[SourceTitle "BritBase"]
[Source "www.saund.co.uk"]
[SourceDate "2018.02.10"]
[SourceVersion "1"]
[SourceVersionDate "2018.02.10"]
[SourceQuality "1"]

1. d4 Nf6 2. c4 g6 3. Nc3 Bg7 4. e4 d6 5. f4 O-O 6. Nf3 c5 7. d5 e6 8. Be2 exd5
9. cxd5 Re8 10. e5 dxe5 11. fxe5 Ng4 12. e6 fxe6 13. O-O exd5 14. Nxd5 Be6 15.
Bc4 Ne5 16. Bg5 Nxf3+ 17. Qxf3 Qxg5 18. Rae1 Bd4+ 19. Kh1 Nd7 20. Rxe6 Rf8 21.
Re7 Kh8 22. Qh3 Rxf1+ 23. Bxf1 Nf8 24. Qf3 Rd8 25. Rf7 Qxd5 26. Rxf8+ Rxf8 27.
Qxf8+ Qg8 28. Qxg8+ Kxg8 29. Bc4+ Kg7 30. g4 Bxb2 31. Kg2 Kf6 32. Kf3 Ke5 33.
h4 h6 34. h5 gxh5 35. gxh5 Kd4 36. Bb3 c4 37. Bc2 Kc3 38. Bb1 Kd2 0-1

[Event "Tradewise Gibraltar ChallWk1"]
[Site "Gibraltar"]
[Date "2017.01.23"]
[Round "1.24"]
[White "Bendayan Claros, Aaron"]
[Black "Sedgwick, David"]
[Result "0-1"]
[WhiteElo "2128"]
[BlackElo "1943"]
[PlyCount "80"]
[EventDate "2017.01.23"]
[EventType "swiss"]
[EventRounds "5"]
[EventCountry "GGB"]
[SourceTitle "BritBase"]
[Source "www.saund.co.uk"]
[SourceDate "2018.02.10"]
[SourceVersion "1"]
[SourceVersionDate "2018.02.10"]
[SourceQuality "1"]

1. d4 d5 2. Nf3 c5 3. c4 e6 4. cxd5 exd5 5. Nc3 Nf6 6. g3 Nc6 7. Bg2 Be6 8. O-O
Be7 9. h3 O-O 10. Bg5 h6 11. Be3 Qd7 12. Kh2 Rfd8 13. Rc1 Rac8 14. Na4 cxd4 15.
Nxd4 Nxd4 16. Qxd4 b6 17. b3 Rxc1 18. Bxc1 Rc8 19. Rd1 b5 20. Nb2 Rc2 21. Qe3
Qc7 22. Nd3 Rxa2 23. Bb2 Qc2 24. Rc1 Qxb3 25. Bd4 Ba3 26. Rc3 Qd1 27. Nf4 Ra1
28. f3 Bc1 29. Qe5 Bxf4 30. gxf4 Ra2 31. Re3 Qc2 32. Qb8+ Kh7 33. Qxb5 Qf5 34.
Qb8 Nd7 35. Qd6 Rd2 36. Bxa7 d4 37. Re4 d3 38. Be3 Rxe2 39. Qxd3 Qxh3+ 40. Kg1
Qxg2# 0-1

[Event "Tradewise Gibraltar ChallWk1"]
[Site "Gibraltar"]
[Date "2017.01.23"]
[Round "1.25"]
[White "Dizdar, Orkun"]
[Black "Burrows, Martin P"]
[Result "1/2-1/2"]
[WhiteElo "1942"]
[BlackElo "2124"]
[PlyCount "158"]
[EventDate "2017.01.23"]
[EventType "swiss"]
[EventRounds "5"]
[EventCountry "GGB"]
[SourceTitle "BritBase"]
[Source "www.saund.co.uk"]
[SourceDate "2018.02.10"]
[SourceVersion "1"]
[SourceVersionDate "2018.02.10"]
[SourceQuality "1"]

1. d4 Nf6 2. c4 e6 3. Nc3 Bb4 4. f3 d5 5. a3 Bxc3+ 6. bxc3 c5 7. cxd5 Nxd5 8.
dxc5 Qa5 9. e4 Ne7 10. Be3 O-O 11. Qb3 Qc7 12. Bb5 Nec6 13. Ne2 Na5 14. Qa2 e5
15. c4 Be6 16. Nc3 a6 17. Nd5 Bxd5 18. exd5 axb5 19. cxb5 Nd7 20. Rc1 Rfc8 21.
O-O Qd8 22. Rfd1 Nf6 23. d6 Qd7 24. a4 b6 25. c6 Nxc6 26. bxc6 Rxc6 27. Rxc6
Qxc6 28. Qb3 Nd7 29. Qb5 Qxb5 30. axb5 f6 31. Rc1 Kf7 32. Rc6 Ra5 33. Bxb6 Rxb5
34. Bc7 Rb1+ 35. Kf2 Ra1 36. Rc2 Ke6 37. g4 g6 38. Rc4 Ra2+ 39. Kg3 g5 40. h4
Nf8 41. hxg5 fxg5 42. Re4 Ng6 43. d7 Kxd7 44. Bxe5 Kc6 45. Bf6 h6 46. Bxg5 hxg5
47. Re6+ Kd7 48. Rxg6 Ra5 49. Rf6 Ke7 50. Rb6 Kf7 51. Kf2 Ra3 52. Ke2 Kg7 53.
Rd6 Rb3 54. Rd3 Rb4 55. Ke3 Kg6 56. Rd6+ Kg7 57. Rd4 Rb3+ 58. Ke4 Kg6 59. Rd6+
Kg7 60. Rd3 Rb4+ 61. Kf5 Rb5+ 62. Ke6 Kg6 63. Rd6 Rb3 64. Ke5+ Kg7 65. Kf5
Rxf3+ 66. Kxg5 Ra3 67. Rd7+ Kg8 68. Rd6 Kg7 69. Kh5 Rh3+ 70. Kg5 Ra3 71. Rd7+
Kg8 72. Rb7 Ra6 73. Rc7 Rb6 74. Ra7 Rc6 75. Kh5 Rb6 76. g5 Rc6 77. Ra8+ Kg7 78.
Rb8 Ra6 79. Rb7+ Kg8 1/2-1/2

[Event "Tradewise Gibraltar ChallWk1"]
[Site "Gibraltar"]
[Date "2017.01.23"]
[Round "1.26"]
[White "Jordan Martinez, David"]
[Black "Miracola, Giorgia"]
[Result "1-0"]
[WhiteElo "2122"]
[BlackElo "1924"]
[PlyCount "49"]
[EventDate "2017.01.23"]
[EventType "swiss"]
[EventRounds "5"]
[EventCountry "GGB"]
[SourceTitle "BritBase"]
[Source "www.saund.co.uk"]
[SourceDate "2018.02.10"]
[SourceVersion "1"]
[SourceVersionDate "2018.02.10"]
[SourceQuality "1"]

1. e4 g6 2. d4 Bg7 3. Nc3 c5 4. d5 d6 5. Be3 Nf6 6. Qd2 O-O 7. Be2 a6 8. a4 Qa5
9. Ra3 Qb4 10. Bf3 c4 11. Nge2 Qa5 12. h3 Nbd7 13. Nd4 Ne5 14. Be2 Qc7 15. a5
Ned7 16. O-O Nc5 17. f3 Nh5 18. Na4 Ng3 19. Nb6 Rb8 20. Rd1 f5 21. exf5 Nxf5
22. Nxf5 Bxf5 23. Nxc4 Qc8 24. g4 Be5 25. Nxe5 1-0

[Event "Tradewise Gibraltar ChallWk1"]
[Site "Gibraltar"]
[Date "2017.01.23"]
[Round "1.27"]
[White "Mayank, Pal"]
[Black "Seraoui, Mohcen"]
[Result "1-0"]
[WhiteElo "1919"]
[BlackElo "2100"]
[PlyCount "111"]
[EventDate "2017.01.23"]
[EventType "swiss"]
[EventRounds "5"]
[EventCountry "GGB"]
[SourceTitle "BritBase"]
[Source "www.saund.co.uk"]
[SourceDate "2018.02.10"]
[SourceVersion "1"]
[SourceVersionDate "2018.02.10"]
[SourceQuality "1"]

1. e4 e5 2. Nf3 Nf6 3. Nxe5 d6 4. Nf3 Nxe4 5. d4 d5 6. Bd3 Be7 7. O-O Nc6 8.
Re1 Bg4 9. c3 Nf6 10. h3 Bh5 11. Bg5 Qd6 12. Nbd2 Bg6 13. Ne5 O-O 14. Qf3 Rae8
15. Rac1 Nh5 16. Bxe7 Rxe7 17. Nxc6 bxc6 18. Nb3 Rfe8 19. Rxe7 Rxe7 20. g3 Bxd3
21. Qxd3 g6 22. Nc5 Nf6 23. Kg2 Ne4 24. b4 Qf6 25. Qf3 Qxf3+ 26. Kxf3 Nd2+ 27.
Kg2 Nc4 28. Kf3 Kg7 29. a4 f5 30. b5 g5 31. bxc6 Na5 32. Rb1 h5 33. Rb7 g4+ 34.
hxg4 fxg4+ 35. Kg2 Nxc6 36. Rxc7 Rxc7 37. Ne6+ Kf6 38. Nxc7 Ne7 39. f3 Kf5 40.
a5 Nc6 41. a6 Nb8 42. Nxd5 Nxa6 43. Ne7+ Ke6 44. Nc6 Kd5 45. Nxa7 Kc4 46. Nc6
Kxc3 47. d5 Kc4 48. d6 Nc5 49. Ne5+ Kd5 50. d7 gxf3+ 51. Kxf3 Ne6 52. Nf7 Nd4+
53. Ke3 Ne6 54. Kf3 Nd4+ 55. Kf4 Ne6+ 56. Kf5 {Kd6 [%clk 0:00:11] d8=Q+ [%clk
0:01:25]} 1-0

[Event "Tradewise Gibraltar ChallWk1"]
[Site "Gibraltar"]
[Date "2017.01.23"]
[Round "1.28"]
[White "Schouten, Freek"]
[Black "Marcos Herrero, Francisco"]
[Result "0-1"]
[WhiteElo "2095"]
[BlackElo "1918"]
[PlyCount "112"]
[EventDate "2017.01.23"]
[EventType "swiss"]
[EventRounds "5"]
[EventCountry "GGB"]
[SourceTitle "BritBase"]
[Source "www.saund.co.uk"]
[SourceDate "2018.02.10"]
[SourceVersion "1"]
[SourceVersionDate "2018.02.10"]
[SourceQuality "1"]

1. d4 Nf6 2. Nf3 c5 3. c4 cxd4 4. Nxd4 Nc6 5. Nc3 g6 6. e4 d6 7. Be2 Nxd4 8.
Qxd4 Bg7 9. O-O O-O 10. Qd1 Be6 11. Be3 a5 12. Rc1 a4 13. f3 Qa5 14. Qd2 Rfc8
15. Nd5 Qxd2 16. Bxd2 Nxd5 17. exd5 Bd4+ 18. Kh1 Bd7 19. Bc3 Bxc3 20. Rxc3 Rc5
21. Re1 Kf8 22. Rec1 Rac8 23. Kg1 e6 24. dxe6 fxe6 25. b4 axb3 26. axb3 Ra5 27.
b4 Ra2 28. Bd1 b6 29. Bb3 Ra3 30. Rd1 Ba4 31. Bxa4 Rxc3 32. Rxd6 R8xc4 33. Rxb6
Ra3 34. Bc6 Rc2 35. h3 e5 36. b5 Ra1+ 37. Kh2 Raa2 38. f4 exf4 39. Rb7 Rab2 40.
Rxh7 Rc5 41. Rd7 Rf5 42. Kg1 g5 43. Ra7 Rf7 44. Ra8+ Kg7 45. Rd8 Re7 46. Rd3
Kf6 47. Rd6+ Kf5 48. Rd1 Re5 49. Rd8 Rc5 50. Rd1 Rbc2 51. Rd8 Rc1+ 52. Kh2 Rb1
53. Rf8+ Ke5 54. Re8+ Kd6 55. Rg8 Rcc1 56. Rd8+ Ke5 0-1

[Event "Tradewise Gibraltar ChallWk1"]
[Site "Gibraltar"]
[Date "2017.01.23"]
[Round "1.29"]
[White "Slinger, Tony J"]
[Black "Lung, Liviu-Catalin"]
[Result "0-1"]
[WhiteElo "1911"]
[BlackElo "2090"]
[PlyCount "92"]
[EventDate "2017.01.23"]
[EventType "swiss"]
[EventRounds "5"]
[EventCountry "GGB"]
[SourceTitle "BritBase"]
[Source "www.saund.co.uk"]
[SourceDate "2018.02.10"]
[SourceVersion "1"]
[SourceVersionDate "2018.02.10"]
[SourceQuality "1"]

1. e4 c5 2. Nf3 Nc6 3. Bb5 g6 4. Bxc6 bxc6 5. e5 Bg7 6. O-O Nh6 7. Re1 Nf5 8.
d3 O-O 9. Nc3 d6 10. exd6 exd6 11. Ne4 Re8 12. c3 Be6 13. Bg5 f6 14. Bd2 h5 15.
h3 h4 16. Bf4 Bf8 17. b3 d5 18. Ned2 Qa5 19. Qc2 Bf7 20. Nf1 g5 21. Bh2 Bg6 22.
Qd2 Kf7 23. Ne3 d4 24. Nc4 Qxc3 25. Rac1 Rxe1+ 26. Rxe1 Qxd2 27. Nfxd2 Ne7 28.
Ne4 Nd5 29. Ncd6+ Kg7 30. Nxc5 Nb4 31. a3 Nxd3 32. Nxd3 Bxd3 33. Rd1 Rd8 34.
Rxd3 Bxd6 35. Bxd6 Rxd6 36. b4 Kf7 37. Kf1 Ke6 38. Ke2 Kd5 39. Kd2 Kc4 40. g3
a5 41. bxa5 c5 42. gxh4 gxh4 43. Rf3 Ra6 44. Rf4 Rxa5 45. Rxf6 Rxa3 46. f3 Ra2+
0-1

[Event "Tradewise Gibraltar ChallWk1"]
[Site "Gibraltar"]
[Date "2017.01.23"]
[Round "1.30"]
[White "Korning, Peter"]
[Black "Stuhlmann, Alexander"]
[Result "1-0"]
[WhiteElo "2080"]
[BlackElo "1918"]
[PlyCount "131"]
[EventDate "2017.01.23"]
[EventType "swiss"]
[EventRounds "5"]
[EventCountry "GGB"]
[SourceTitle "BritBase"]
[Source "www.saund.co.uk"]
[SourceDate "2018.02.10"]
[SourceVersion "1"]
[SourceVersionDate "2018.02.10"]
[SourceQuality "1"]

1. e4 d6 2. d4 Nf6 3. Nc3 e5 4. Nf3 exd4 5. Qxd4 Nc6 6. Bb5 Bd7 7. Bxc6 Bxc6 8.
Bg5 Be7 9. O-O-O O-O 10. e5 dxe5 11. Qxe5 Bd6 12. Qd4 Re8 13. Rhe1 Rxe1 14.
Rxe1 h6 15. Bxf6 Qxf6 16. Qxf6 gxf6 17. Nd4 Bf4+ 18. Kb1 Bd2 19. Rd1 Bxc3 20.
Nxc6 Bxb2 21. Ne7+ Kf8 22. Nf5 Be5 23. Nxh6 Kg7 24. Nf5+ Kg6 25. Nh4+ Kg7 26.
h3 Rh8 27. Nf5+ Kg6 28. Ne7+ Kg7 29. Rd3 Re8 30. Nf5+ Kg6 31. g4 Re6 32. h4
Rb6+ 33. Rb3 Rxb3+ 34. cxb3 a5 35. Kc2 Kh7 36. Kd3 b5 37. Ke4 a4 38. Kd5 axb3
39. axb3 b4 40. Kc6 Kg6 41. Ne7+ Kh6 42. Nd5 f5 43. gxf5 Kh5 44. Nxc7 Kxh4 45.
Nd5 Kg5 46. Nxb4 Kxf5 47. Nd5 Ke4 48. f4 Bd4 49. b4 f5 50. b5 Bg1 51. Kd6 Bf2
52. Ke6 Bd4 53. Ne7 Kxf4 54. Nxf5 Bf2 55. Nd6 Bb6 56. Kd5 Bg1 57. Nb7 Kf5 58.
Nc5 Kf6 59. b6 Ke7 60. b7 Bh2 61. Kc6 Ke8 62. Ne6 Bb8 63. Nc7+ Kd8 64. Na6 Bh2
65. Nc5 Bg3 66. Ne6+ 1-0

[Event "Tradewise Gibraltar ChallWk1"]
[Site "Gibraltar"]
[Date "2017.01.23"]
[Round "1.31"]
[White "Jimenez Ruiz, Jose Carlos"]
[Black "Ungureanu, Sandu"]
[Result "1/2-1/2"]
[WhiteElo "1899"]
[BlackElo "2071"]
[PlyCount "42"]
[EventDate "2017.01.23"]
[EventType "swiss"]
[EventRounds "5"]
[EventCountry "GGB"]
[SourceTitle "BritBase"]
[Source "www.saund.co.uk"]
[SourceDate "2018.02.10"]
[SourceVersion "1"]
[SourceVersionDate "2018.02.10"]
[SourceQuality "1"]

1. d4 d5 2. c4 dxc4 3. Nf3 c6 4. e3 b5 5. a4 e6 6. b3 Bb4+ 7. Bd2 Bxd2+ 8. Qxd2
cxb3 9. axb5 a5 10. bxa6 Nxa6 11. Bc4 Qb6 12. O-O Ne7 13. Nc3 O-O 14. Rfb1 Nc7
15. Rxa8 Nxa8 16. Rxb3 Qa5 17. Qa2 Qxa2 18. Nxa2 Nc7 19. Ne5 Ba6 20. Nc3 Bxc4
21. Nxc4 Ncd5 1/2-1/2

[Event "Tradewise Gibraltar ChallWk1"]
[Site "Gibraltar"]
[Date "2017.01.23"]
[Round "1.32"]
[White "Lochte, Thomas"]
[Black "Press, Harry"]
[Result "1/2-1/2"]
[WhiteElo "2070"]
[BlackElo "1892"]
[PlyCount "108"]
[EventDate "2017.01.23"]
[EventType "swiss"]
[EventRounds "5"]
[EventCountry "GGB"]
[SourceTitle "BritBase"]
[Source "www.saund.co.uk"]
[SourceDate "2018.02.10"]
[SourceVersion "1"]
[SourceVersionDate "2018.02.10"]
[SourceQuality "1"]

1. e4 c5 2. d4 cxd4 3. c3 d5 4. exd5 Nf6 5. Bb5+ Bd7 6. Bc4 g6 7. Qxd4 Bg7 8.
Nf3 O-O 9. O-O Qc8 10. Re1 Ng4 11. Qd3 Bf5 12. Qe2 Nd7 13. Bf4 Nb6 14. Bb3 Qc5
15. h3 Nf6 16. Be3 Qc7 17. c4 Rac8 18. Nbd2 Rfe8 19. Nd4 Bd7 20. a4 a5 21. Nb5
Bxb5 22. axb5 Nbd7 23. Bd4 Nxd5 24. Bxg7 Nf4 25. Qf3 Kxg7 26. Qc3+ e5 27. Rxa5
Nc5 28. Bc2 b6 29. Raa1 f6 30. Nf3 Nce6 31. b3 Qc5 32. Qe3 Ra8 33. Qe4 f5 34.
Qb7+ Qc7 35. Qxc7+ Nxc7 36. Rxa8 Rxa8 37. Rxe5 Kf6 38. Re1 Ra2 39. Nd4 Nce6 40.
Nxe6 Nxe6 41. Bd1 Nc5 42. Kf1 Rb2 43. Re8 Ne4 44. f3 Nc3 45. Re1 Rd2 46. Be2
Ke5 47. c5 bxc5 48. Bc4+ Kf4 49. b6 Kg3 50. Rc1 Na2 51. Ra1 Nc3 52. b7 Rd8 53.
Be6 f4 54. Bc8 Rd2 1/2-1/2

[Event "Tradewise Gibraltar ChallWk1"]
[Site "Gibraltar"]
[Date "2017.01.23"]
[Round "1.33"]
[White "Newbry, Benjamin J"]
[Black "Kozarcanin, Sead"]
[Result "0-1"]
[WhiteElo "1879"]
[BlackElo "2069"]
[Annotator "Rudd,Jack"]
[PlyCount "74"]
[EventDate "2017.01.23"]
[EventType "swiss"]
[EventRounds "5"]
[EventCountry "GGB"]
[SourceTitle "BritBase"]
[Source "www.saund.co.uk"]
[SourceDate "2018.02.10"]
[SourceVersion "1"]
[SourceVersionDate "2018.02.10"]
[SourceQuality "1"]

1. f4 Nf6 2. Nf3 d5 3. e3 g6 4. b3 Bg7 5. Bb2 Nbd7 6. Be2 O-O 7. O-O Ne4 8.
Bxg7 Kxg7 9. d3 Nef6 10. Qe1 c6 11. h3 Qc7 12. Qg3 Re8 13. Nbd2 e5 14. f5 Nh5
15. Qh4 Qb6 16. Qf2 Nhf6 17. Nh2 c5 18. g4 gxf5 19. Qxf5 Nf8 20. Qf2 Re7 21. g5
Ng8 22. Bg4 Qg6 23. Bxc8 Rxc8 24. h4 h6 25. Kh1 hxg5 26. hxg5 Nh7 27. e4 Nxg5
28. Rg1 f6 29. Qg3 Kh8 30. Kg2 Rh7 31. Nhf3 Rcc7 32. Nxg5 Qxg5 33. Qxg5 fxg5
34. exd5 Nf6 35. c4 Nh5 36. Kf2 Nf4 37. Ke3 Rh2 {Scoresheet illegible} 0-1

[Event "Tradewise Gibraltar ChallWk1"]
[Site "Gibraltar"]
[Date "2017.01.23"]
[Round "1.34"]
[White "Anuprita, Patil"]
[Black "Ramirez Leyva, Freddy"]
[Result "1-0"]
[WhiteElo "2066"]
[BlackElo "1862"]
[PlyCount "33"]
[EventDate "2017.01.23"]
[EventType "swiss"]
[EventRounds "5"]
[EventCountry "GGB"]
[SourceTitle "BritBase"]
[Source "www.saund.co.uk"]
[SourceDate "2018.02.10"]
[SourceVersion "1"]
[SourceVersionDate "2018.02.10"]
[SourceQuality "1"]

1. d4 Nf6 2. Nf3 g6 3. Nbd2 Bg7 4. e4 d6 5. Bd3 O-O 6. O-O e5 7. dxe5 dxe5 8.
Nxe5 Nxe4 9. Nxf7 Qf6 10. Nh6+ Bxh6 11. Nxe4 Qh4 12. g3 Qh3 13. Bc4+ Kh8 14.
Ng5 Bxg5 15. Bxg5 Qg4 16. Qd5 Nc6 17. Bf6+ 1-0

[Event "Tradewise Gibraltar ChallWk1"]
[Site "Gibraltar"]
[Date "2017.01.23"]
[Round "1.35"]
[White "Ruud, Kjetil"]
[Black "Ebner, Johann"]
[Result "0-1"]
[WhiteElo "1773"]
[BlackElo "2066"]
[PlyCount "38"]
[EventDate "2017.01.23"]
[EventType "swiss"]
[EventRounds "5"]
[EventCountry "GGB"]
[SourceTitle "BritBase"]
[Source "www.saund.co.uk"]
[SourceDate "2018.02.10"]
[SourceVersion "1"]
[SourceVersionDate "2018.02.10"]
[SourceQuality "1"]

1. g4 d5 2. Bg2 c6 3. g5 e5 4. d3 h6 5. h4 Bg4 6. Bf3 Bxf3 7. Nxf3 Nd7 8. c4
dxc4 9. dxc4 e4 10. Nd4 hxg5 11. Bxg5 Qxg5 12. hxg5 Rxh1+ 13. Kd2 Rxd1+ 14.
Kxd1 O-O-O 15. Kc2 Ne5 16. Kc3 Bc5 17. e3 Bxd4+ 18. exd4 Nf3 19. Nd2 Nxd2 0-1

[Event "Tradewise Gibraltar ChallWk1"]
[Site "Gibraltar"]
[Date "2017.01.23"]
[Round "1.36"]
[White "Kandic, Milan"]
[Black "Day, Christopher"]
[Result "1-0"]
[WhiteElo "2061"]
[BlackElo "1760"]
[PlyCount "63"]
[EventDate "2017.01.23"]
[EventType "swiss"]
[EventRounds "5"]
[EventCountry "GGB"]
[SourceTitle "BritBase"]
[Source "www.saund.co.uk"]
[SourceDate "2018.02.10"]
[SourceVersion "1"]
[SourceVersionDate "2018.02.10"]
[SourceQuality "1"]

1. e4 c6 2. d4 d5 3. e5 c5 4. dxc5 e6 5. Nf3 Nc6 6. Be3 Qc7 7. Bb5 Bd7 8. Bxc6
Bxc6 9. a4 a5 10. c3 f6 11. exf6 Nxf6 12. O-O Be7 13. h3 Ne4 14. b4 Bf6 15. b5
Bd7 16. Bd4 O-O 17. Re1 Nxc5 18. Nbd2 Nd3 19. Re3 Nf4 20. Ne5 Rae8 21. Qg4 Ng6
22. Ndf3 Nxe5 23. Nxe5 Re7 24. Nxd7 Qxd7 25. Bc5 Rfe8 26. Bxe7 Rxe7 27. Rae1
Kf7 28. Qh5+ Kg8 29. Qe2 Kf7 30. Qd3 Bxc3 31. Qxc3 d4 32. Rf3+ 1-0

[Event "Tradewise Gibraltar ChallWk1"]
[Site "Gibraltar"]
[Date "2017.01.24"]
[Round "2.1"]
[White "Renteria, Jorge"]
[Black "Elishev, Ivan"]
[Result "1-0"]
[WhiteElo "2242"]
[BlackElo "2143"]
[PlyCount "97"]
[EventDate "2017.01.23"]
[EventType "swiss"]
[EventRounds "5"]
[EventCountry "GGB"]
[SourceTitle "BritBase"]
[Source "www.saund.co.uk"]
[SourceDate "2018.02.10"]
[SourceVersion "1"]
[SourceVersionDate "2018.02.10"]
[SourceQuality "1"]
[TimeControl "7200+1245"]
[WhiteClock "0:00:47"]
[BlackClock "0:00:20"]

1. e4 d5 2. exd5 Nf6 3. Bb5+ Bd7 4. Bc4 b5 5. Be2 Nxd5 6. d4 e6 7. Nf3 c5 8.
O-O Qb6 9. Nc3 Nf6 10. Ne5 cxd4 11. Nxd7 Nbxd7 12. Nxb5 e5 13. a4 Rc8 14. a5
Qb8 15. c3 dxc3 16. Nxc3 Bc5 17. Bb5 O-O 18. Qa4 Rfd8 19. Bg5 Bf8 20. Bxd7 Rxd7
21. Bxf6 Rd4 22. Bxe5 Qxe5 23. Rae1 Qd6 24. Qb5 Rb8 25. Qe2 Rd2 26. Qe3 Qd7 27.
Ne4 Rdxb2 28. g3 R2b5 29. Qf4 Re8 30. Ng5 Rf5 31. Qg4 Rxe1 32. Rxe1 Rd5 33.
Qxd7 Rxd7 34. Re8 Rd5 35. Nxh7 Kxh7 36. Rxf8 Kg6 37. Kg2 Rxa5 38. Ra8 Ra2 39.
g4 a5 40. Ra6+ f6 41. h4 Kf7 42. h5 a4 43. Ra7+ Kg8 44. Kg3 a3 45. f3 Ra1 46.
Kf4 a2 47. Kf5 Kh7 48. f4 Rb1 49. Ke4 1-0

[Event "Tradewise Gibraltar ChallWk1"]
[Site "Gibraltar"]
[Date "2017.01.24"]
[Round "2.2"]
[White "Jordan Martinez, Miguel"]
[Black "Meszaros, Andras"]
[Result "0-1"]
[WhiteElo "2142"]
[BlackElo "2240"]
[PlyCount "174"]
[EventDate "2017.01.23"]
[EventType "swiss"]
[EventRounds "5"]
[EventCountry "GGB"]
[SourceTitle "BritBase"]
[Source "www.saund.co.uk"]
[SourceDate "2018.02.10"]
[SourceVersion "1"]
[SourceVersionDate "2018.02.10"]
[SourceQuality "1"]
[TimeControl "7200+790"]
[WhiteClock "0:00:12"]
[BlackClock "0:02:52"]

1. e4 c5 2. Nf3 g6 3. d4 cxd4 4. Qxd4 Nf6 5. Bb5 Nc6 6. Bxc6 dxc6 7. Qxd8+ Kxd8
8. Nc3 Bg7 9. Be3 Ke8 10. h3 Nd7 11. Bd4 Bxd4 12. Nxd4 e5 13. Nb3 Ke7 14. O-O-O
b6 15. Rd2 Ba6 16. g3 Rad8 17. Rhd1 Nf6 18. Rxd8 Rxd8 19. Rxd8 Kxd8 20. Kd2 Ke7
21. Nc1 Ne8 22. Nd3 f6 23. b3 Nc7 24. Na4 Ne6 25. c3 Ng5 26. Ke3 Bxd3 27. Kxd3
Nxh3 28. Ke3 Ng5 29. Nb2 Ke6 30. Nd3 Nf7 31. c4 Kd6 32. b4 Ke6 33. Nb2 h5 34.
c5 b5 35. a4 a6 36. a5 f5 37. f3 g5 38. Nd3 f4+ 39. Kf2 fxg3+ 40. Kxg3 Nh8 41.
Nf2 Ng6 42. Kh3 Nf4+ 43. Kg3 Kf6 44. Kh2 Ne2 45. Kh3 Nd4 46. Kg3 Ke6 47. Kg2 h4
48. Nd3 h3+ 49. Kxh3 Nxf3 50. Kg4 Nd2 51. Nf2 Kf6 52. Kg3 Kg6 53. Kg4 Nc4 54.
Kf3 Kh5 55. Kg3 Nd2 56. Kh3 Nf3 57. Kg3 Ne1 58. Kh3 Kg6 59. Kg4 Nc2 60. Nd3 Kf6
61. Kf3 Nd4+ 62. Kg3 Ne2+ 63. Kf3 Nf4 64. Nf2 Kg6 65. Kg4 Nh5 66. Nd3 Nf6+ 67.
Kh3 Nd7 68. Kg4 Kf6 69. Kf3 Ke6 70. Nf2 Nf6 71. Kg3 Ke7 72. Kf3 Kf7 73. Nd3 g4+
74. Kg3 Nxe4+ 75. Kxg4 Ke6 76. Ne1 Nd2 77. Kg5 Kd5 78. Kf5 e4 79. Ng2 Nf3 80.
Nf4+ Kd4 81. Ne6+ Kd3 82. Nf4+ Ke3 83. Ng2+ Kf2 84. Nf4 e3 85. Ke6 Nd4+ 86. Ke5
Nc2 87. Kd6 Nxb4 0-1

[Event "Tradewise Gibraltar ChallWk1"]
[Site "Gibraltar"]
[Date "2017.01.24"]
[Round "2.3"]
[White "Vea, Odin Blikra"]
[Black "Jordan Martinez, David"]
[Result "0-1"]
[WhiteElo "2234"]
[BlackElo "2122"]
[PlyCount "104"]
[EventDate "2017.01.23"]
[EventType "swiss"]
[EventRounds "5"]
[EventCountry "GGB"]
[SourceTitle "BritBase"]
[Source "www.saund.co.uk"]
[SourceDate "2018.02.10"]
[SourceVersion "1"]
[SourceVersionDate "2018.02.10"]
[SourceQuality "1"]
[TimeControl "7200+1435"]
[WhiteClock "0:02:55"]
[BlackClock "0:01:34"]

1. e4 e6 2. d4 d5 3. e5 c5 4. c3 Nc6 5. Nf3 Bd7 6. a3 Nge7 7. Bd3 cxd4 8. cxd4
Nf5 9. Bxf5 exf5 10. Nc3 Be6 11. h4 Rc8 12. h5 Be7 13. Ne2 Qb6 14. Nf4 Na5 15.
b4 Nc4 16. Rh3 O-O 17. Rg3 Kh8 18. Kf1 a5 19. Ng5 Bxg5 20. Rxg5 axb4 21. axb4
Qxb4 22. Rg3 Ra8 23. Rxa8 Rxa8 24. h6 g6 25. Rb3 Qa4 26. Qd3 Qc6 27. Rb1 b6 28.
Qg3 Qd7 29. Qg5 Qd8 30. Nxe6 fxe6 31. Ra1 Na5 32. Qf6+ Qxf6 33. exf6 Kg8 34.
Bf4 Ra7 35. f3 Kf7 36. Be5 g5 37. f4 g4 38. Kf2 Kg6 39. Kg3 Kxh6 40. Bd6 Kg6
41. Kh4 Kxf6 42. Kh5 Kf7 43. Kg5 Rd7 44. Be5 Nc6 45. Rh1 Nxe5 46. fxe5 Kg7 47.
g3 b5 48. Rc1 Rb7 49. Rb1 b4 50. Rb3 h6+ 51. Kf4 Kg6 52. Ke3 Kg5 0-1